<?xml version="1.0" encoding="UTF-8"?>
<marc:record xmlns:marc="http://www.loc.gov/MARC21/slim">
   <marc:leader>00000nam a2200000 a 4500</marc:leader>
   <marc:datafield ind1=" " ind2=" " tag="653">
      <marc:subfield code="a">Kinderfilm</marc:subfield>
   </marc:datafield>
   <marc:datafield ind1="0" ind2="0" tag="245">
      <marc:subfield code="a">Das grosse Krabbeln</marc:subfield>
   </marc:datafield>
   <marc:datafield ind1="0" ind2="0" tag="245">
      <marc:subfield code="b">a bugs life</marc:subfield>
   </marc:datafield>
   <marc:datafield ind1=" " ind2="1" tag="264">
      <marc:subfield code="b">Disney/Pixar</marc:subfield>
      <marc:subfield code="c">2007</marc:subfield>
   </marc:datafield>
   <marc:datafield ind1="1" ind2=" " tag="520">
      <marc:subfield code="a">Jedes Jahr kommt eine Bande frecher Grashüpfer und stiehlt die Vorräte, die die Ameisenkolonie von Prinzessin Atta gewissenhaft für den Winter zusammenträgt und lagert. Eines Tages beschließen die Ameisen, Unterstützung anzufordern und der chaotische Flick wird beauftragt die Kolonie zu verlassen, um Hilfe anzuheuern. Die Ereignisse nehmen eine ungewöhnliche Wendung, als fälschlicherweise eine Gruppe von Zirkusartisten engagiert wird...</marc:subfield>
   </marc:datafield>
   <marc:datafield ind1=" " ind2=" " tag="020">
      <marc:subfield code="a">7321922346315</marc:subfield>
      <marc:subfield code="9">7321922346315</marc:subfield>
   </marc:datafield>
   <marc:datafield ind1="0" ind2=" " tag="490">
      <marc:subfield code="v">0</marc:subfield>
   </marc:datafield>
   <marc:datafield ind1=" " ind2=" " tag="300">
      <marc:subfield code="a">2 DVDs (PAL, Ländercode 2, ca. 91 Min.) farbig, mit Ton</marc:subfield>
   </marc:datafield>
</marc:record>
